000 00312nam a22001337a 4500
008 180928b xxu||||| |||| 00| 0 eng d
020 _a9780073268927
041 _aeng
080 _a330
100 _a61
101 _aKON
245 _aAccounting for Government & Nonprofit Entities
_cWilson
942 _2udc
_cBK
999 _c48670
_d48670